Markets (Record no. 84331)

MARC details
000 -LEADER
fixed length control field 01214cab a22002295a 4500
001 - CONTROL NUMBER
control field L157321
008 - FIXED-LENGTH DATA ELEMENTS--GENERAL INFORMATION
fixed length control field 121017e2012 xxk 000 0 eng d
035 ## - SYSTEM CONTROL NUMBER
System control number (Sirsi) u157321
041 0# - LANGUAGE CODE
Language code of text/sound track or separate title eng
100 1# - MAIN ENTRY--PERSONAL NAME
Personal name Eade, Christine
245 00 - TITLE STATEMENT
Title Markets
Remainder of title Bristol, Bath and Somerset
260 ## - PUBLICATION, DISTRIBUTION, ETC.
Date of publication, distribution, etc. 2012
490 #0 - SERIES STATEMENT
Series statement Property Week
Volume/sequential designation 78(41) 12 October 2012, 45-54(5)
520 ## - SUMMARY, ETC.
Summary, etc. Covers recent activity in the regional commercial property market: Bristol agents are campaigning to convince Bristol City Council that converting a disused warehouse into council offices is impractical and expensive; law firms leasing space in new Bristol office developments have helped to ameliorate the city's disastrous take-up figures for 2012; North Somerset Council wants residential development alongside offices for former RAF sites in their planning area; Dolphin Square shopping centre in Weston-Super-Mare is about to be demolished; and John Lewis is poised to take over the Podium shopping centre in Bath for a Waitrose Food and Home store.
590 ## - LOCAL NOTE (RLIN)
Local note KA
651 #4 - SUBJECT ADDED ENTRY--GEOGRAPHIC NAME
Geographic name Bristol
651 #4 - SUBJECT ADDED ENTRY--GEOGRAPHIC NAME
Geographic name Bath
651 #4 - SUBJECT ADDED ENTRY--GEOGRAPHIC NAME
Geographic name Somerset
690 ## - LOCAL SUBJECT ADDED ENTRY--TOPICAL TERM (OCLC, RLIN)
Topical term or geographic name as entry element Commercial property
9 (RLIN) 6227
690 ## - LOCAL SUBJECT ADDED ENTRY--TOPICAL TERM (OCLC, RLIN)
Topical term or geographic name as entry element Residential property
9 (RLIN) 6266
942 ## - ADDED ENTRY ELEMENTS (KOHA)
Suppress in OPAC 0
Holdings
Withdrawn status Lost status Source of classification or shelving scheme Damaged status Not for loan Home library Current library Shelving location Date acquired Total Checkouts Full call number Barcode Date last seen Copy number Price effective from Koha item type
    Dewey Decimal Classification     London London Journal article 17/10/2012   L157321 157321-1001 06/08/2019 1 06/08/2019 Journal article